Top 25 des youtubeurs français - 2021 - Statistiques

Statistiques générales
  • Ce quiz a été pris 7 177 fois
  • Le résultat moyen est 7 sur 25
Statistiques - réponses
Rang Nombre d'abonnés (arrondi au million) Nom de chaîne % Correct
1_ 15 Squeezie
96%
2_ 14 Cyprien
91%
19_ 5 Michou
86%
3_ 12 Norman fait des vidéos
86%
5_ 8 Tibo InShape
64%
9_ 6 Amixem
62%
13_ 5 Natoo
51%
10_ 6 Mcfly et Carlito
45%
11_ 5 Mister V
38%
25_ 4 Seb
19%
8_ 7 Rémi Gaillard
17%
12_ 5 Kevin Tran
8%
21_ 4 Hugo Posay
7%
23_ 4 CYRILmp4
6%
4_ 9 Gims
5%
24_ 4 Anas
4%
18_ 5 PNL
3%
17_ 5 Aya Nakamura
2%
16_ 5 Jul
2%
20_ 4 Dadju
1%
6_ 7 L'Algerino
1%
15_ 5 Niska
1%
7_ 7 Soolking
1%
14_ 5 Swan & Néo
1%
22_ 4 Lartiste
0%
Aucun quiz correspondant
Distribution des résultats
% des personnes avec chaque résultat
Percentile par nombre de réponses
Votre historique - résultats
Vous n’avez pas pris ce quiz